El emperador Guillermo II íntimo : según las memorias de la condesa de Eppinghoven, dama de honor de la emperatriz y otro documentos de autorizado origen /
Biografía del Kaiser Guillermo II, uno de los protagonistas indiscutibles de la política europea del siglo XIX. La obra tiene como fuente principal las memorias de una de las damas de la esposa del káiser, quien vivió junto a los emperadores más de diez años.
Uloženo v:
| Hlavní autor: | |
|---|---|
| Médium: | Kniha |
| Jazyk: | španělština |
| Vydáno: |
Barcelona, España :
Montaner y Simón,
1910, c1910
|
| Edice: | (Biblioteca Universal Ilustrada)
|
| Témata: | |
| Tagy: |
Žádné tagy, Buďte první, kdo vytvoří štítek k tomuto záznamu!
|
MARC
| LEADER | 00000nam^a2200000^a^4500 | ||
|---|---|---|---|
| 001 | 000105337 | ||
| 005 | 20250526000000.0 | ||
| 009 | 20260526122233.799 | ||
| 037 | |a Acervo ITESO - Biblioteca | ||
| 041 | |a ESP | ||
| 082 | |a 943. 084 |b ENS | ||
| 100 | |a Enseñat, Juan B. |e (autor) | ||
| 245 | 1 | 3 | |a El emperador Guillermo II íntimo : |b según las memorias de la condesa de Eppinghoven, dama de honor de la emperatriz y otro documentos de autorizado origen / |c J.B. Enseñat. |
| 264 | 4 | |a Barcelona, España : |b Montaner y Simón, |c 1910, c1910 | |
| 300 | |a 368 p. ; |c 24.0 cm. | ||
| 336 | |a texto |b txt |2 rdacontenido | ||
| 337 | |a sin mediación |b n |2 rdamedio | ||
| 338 | |a volumen |b nc |2 rdasoporte | ||
| 440 | 1 | |a (Biblioteca Universal Ilustrada) | |
| 520 | |a Biografía del Kaiser Guillermo II, uno de los protagonistas indiscutibles de la política europea del siglo XIX. La obra tiene como fuente principal las memorias de una de las damas de la esposa del káiser, quien vivió junto a los emperadores más de diez años. | ||
| 649 | |a XX | ||
| 650 | |a Emperadores Alemanes - |x Biografías | ||
| 650 | |a Políticos Alemanes - |x Biografías | ||
| 650 | |a Política - |z Alemania - |x Historia - |y Guillermo II, 1888-1918 | ||
| 650 | |a Alemania - |x Historia - |y Guillermo II, 1888-1918 | ||
| 650 | |a Alemania - |x Historia - |y Monarquía Imperial, 1871-1918 | ||
| 650 | |a Guillermo II, Emperador de Alemania - |x Tema Principal | ||
| 910 | |a Fondo General | ||
| 920 | |a Impresos - Libros | ||
| 930 | |a Libros Antiguos y Raros | ||
| 905 | |a 108 | ||
| 901 | |a 0500041425 |b IT2 |c LRA |u 20250526 | ||
| 901 | |a 0500258245 |b IT2 |c LRA |u 20250526 | ||
| 902 | |a https://opac.biblio.iteso.mx/vufind/Record/000105337 | ||